000 00247nam a2200097Ia 4500
005 20250424112834.0
008 250424s9999 xx 000 0 und d
300 _av, 184 p. : ill ; 28 cm.
650 _aAccounting--Nigeria--Periodicals.
942 _cSR
999 _c37429
_d37429